Escudos de Times de Futebol do Amapá - Statistics

Estatísticas Gerais
  • Esse quiz foi jogado 19 vezes
  • A pontuação média é 12 de 20
Estatísticas das Respostas
Imagem Resposta % Correto
Santos
94%
Cruzeiro
88%
São Paulo
88%
Trem
88%
Ypiranga
88%
Macapá
82%
Oratório
82%
Portuguesa
82%
Independente
65%
Santana
59%
Cristal
53%
São José
53%
Mazagão
47%
Latitude Zero
35%
BARE
29%
Renovação
29%
ADEC
24%
Lagoa
24%
Rio Norte
24%
Canário
18%
Nenhum quiz correspondente encontrado
Distribuição das Pontuações
Porcentagem de Pessoas com Cada Pontuação
Percentil de Números Respondidos
Sua Pontuação Histórica
Você não jogou esse quiz